LEADER 01147nam a2200253 i 4500 001 000000106425 003 CaOOAMICUS 005 20170830000000.0 008 170830s2013 it u000 u ger u 013 $a78619 020 $a978-3-525-51008-7 040 $aSeMil$bita 100 1 $aSchäfer, Christian <1983- >.$0(OLS)http://semarc/name/92794 245 14$aDie Edition des Buches Ruth von Udo Quast /$cChristian Schäfer. 260 $aGöttingen :$bVandenhoeck & Ruprecht,$c2013. 300 $a106 p. ;$c23 cm. 700 1 $aQuast, Udo <1939-2005>.$0(OLS)http://semarc/name/92503 773 0 $aAkademie der Wissenschaften $tBenutzerhandbuch zur Göttinger Septuaginta.$dGöttingen : Vandenhoeck & Ruprecht, 2012.$g2$w()33774 850 $aSeMil 852 $aSeMil$W1$xVenegono$y1$mSL1.R III 41$j62560$B62560$CSeMilBibl$Z2$F71707 $8I 961 $aSottoscrizione: Glossa 996 $6020$a978-3-525-51008-7$9(OLS)http://semarc/number/272731 996 $6245$aDie Edition des Buches Ruth von Udo Quast$9(OLS)http://semarc/title/407099 996 $6260$aGöttingen :$bVandenhoeck & Ruprecht$9(OLS)http://semarc/publisher/29697 LEADER 01256nam a2200277 i 4500 001 000000111034 003 CaOOAMICUS 005 20030102000000.0 008 030102s1977 it u000 u ita u 013 $a83715 040 $aSeMil$bita 100 1 $aBonhoeffer, Dietrich,$d<1906-1945>.$0(OLS)http://semarc/name/690 240 14$aDas Wesen der Kirche : Aus Hörernachschriften.$0(OLS)http://semarc/title/161500 245 12$aL'essenza della Chiesa :$bdagli appunti degli uditori /$cDietrich Bonhoeffer ; ordinati e editi a cura di Otto Dudzus. 250 $a2. ed. 260 $aBrescia :$bQueriniana,$c1977. 300 $a96 p. ;$c21 cm. 490 0 $aNuovi saggi Queriniana ;$v7 650 4$aBonhoeffer, Dietrich <1906-1945> - Ecclesiologia.$0(OLS)http://semarc/subject/19793 700 1 $aDudzus, Otto.$0(OLS)http://semarc/name/24244 830 0$aNuovi saggi Queriniana ;$v7.$0(OLS)http://semarc/title/10209 850 $aSeMil 852 $aSeMil$W1$xVenegono$y1$m2M II 20$j66869$B66869$CSeMilBibl$Z2$F82747 $81 961 $aOmaggio: Martini Card. Carlo Maria 996 $6245$aL'essenza della Chiesa :$bdagli appunti degli uditori$9(OLS)http://semarc/title/161499 996 $6260$aBrescia :$bQueriniana$9(OLS)http://semarc/publisher/29615